| 000 | 00674nam a2200229 i 4500 | ||
|---|---|---|---|
| 001 | 16749 | ||
| 003 | ES-MaACL | ||
| 005 | 20230906151405.0 | ||
| 007 | t| | ||
| 008 | 001030s2000 ve ||||1| spa d | ||
| 080 | _a821.134.2(87)-14"19" | ||
| 100 | 1 |
_aOrtiz Castañeda, Franz. _987585 |
|
| 245 | 1 | 0 |
_aLetanías / _cFranz Ortiz Castañeda. |
| 250 | _a1ª ed. | ||
| 260 |
_aBarquisimeto : _bAteneo de Barquisimeto, _c2000. |
||
| 300 |
_a36 p. ; _c20 cm. |
||
| 490 | 1 | _aTecho de la ballena | |
| 710 | 2 |
_aAteneo Ciudad de Barquisimeto (Venezuela) _91854 |
|
| 830 | 0 |
_aTecho de la ballena _9228671 |
|
| 852 |
_aES-MaACL _j2154-F-26 _bR.129140 |
||
| 999 |
_c16749 _d16749 |
||